MARC

LEADER 00000nam0a2200000 4500
001 308190
005 20250423155112.0
035 |a (RuTPU)RU\TPU\book\333499 
090 |a 308190 
100 |a 20151029a1981 k y0rusy5003 ca 
101 0 |a rus 
102 |a RU 
105 |a a z 001zy 
200 1 |a Геологические формации и металлогения Чингиз-Тарбагатайской складчатой системы  |f Всесоюзный научно-исследовательский геологический институт (ВСЕГЕИ) 
210 |a Ленинград  |c Недра  |d 1981 
215 |a 223 с.  |c ил. 
225 1 |a Труды Всесоюзного научно-исследовательского геологического института (ВСЕГЕИ). Новая серия  |v Т. 310 
320 |a Библиогр.: с. 219-222 
500 1 0 |a Труды Всесоюзного научно-исследовательского геологического института  |9 88882 
606 1 |a Геологические формации  |2 stltpush  |3 (RuTPU)RU\TPU\subj\6079  |9 34039 
606 1 |a Металлогения  |x (рудообразование)  |2 stltpush  |3 (RuTPU)RU\TPU\subj\42412  |9 62079 
610 1 |a геология 
610 1 |a Центральный Казахстан 
610 1 |a Чингиз-Тарбагатайская складчатая система 
610 1 |a металлогенические исследования 
610 1 |a история 
610 1 |a рудопроявления 
610 1 |a рудные формации 
610 1 |a колчеданные месторождения 
610 1 |a медно-цинковые месторождения 
610 1 |a медно-порфировые месторождения 
610 1 |a редкие металлы 
610 1 |a субформация 
610 1 |a порфировые интрузии 
675 |a 551.263  |v 4 
675 |a 553.2.078  |v 4 
712 0 2 |a Всесоюзный научно-исследовательский геологический институт (ВСЕГЕИ)  |c (Ленинград)  |c (1939-1991)  |3 (RuTPU)RU\TPU\col\11367 
801 0 |a RU  |b RuMRKP  |c 19950704  |g psbo 
801 1 |a RU  |b 63413507  |c 20151029 
801 2 |a RU  |b 63413507  |c 20171013  |g RCR 
850 |a 63413507 
942 |c CR